| 000 | 00934nam a2200217 i 4500 | ||
|---|---|---|---|
| 001 | 155561 | ||
| 003 | ES-MaACL | ||
| 005 | 20250928124808.0 | ||
| 008 | 170620s1880 fr |||| | lat d | ||
| 130 | 0 |
_aBiblia. _pN.T. _lGriego-Latín. _9163095 |
|
| 245 | 1 | 2 |
_aHe Kaine Diatheke _b=Novum Testamentum graece et latine, / _cin antiquis testibus textum versionis Vulgatae latinae indagavit lectionesque variantes Stephani et Griesbachii notavit,... Jager in consilium adhibito, Constantinus Tischendorf. |
| 260 |
_aParisiis : _bAmbrosio Firmin-Didot, _c1880. |
||
| 300 |
_aIX,411, 39 p. ; _c27 cm. |
||
| 500 | _a"Lectiones variantes" e índice en paginación separada. | ||
| 597 | _aTexto paralelo en latin y griego antiguo. | ||
| 597 | _aTexto a dos columnas. | ||
| 700 | 1 |
_aTischendorf, Constantin von, _d1815-1874 _9133267 |
|
| 700 | 0 |
_aJager, Jean Nicolas. _965918 |
|
| 852 |
_aES-MaACL _jB-2457 |
||
| 999 |
_c155561 _d155561 |
||